| 000 | 00674nam a2200241Ia 4500 | ||
|---|---|---|---|
| 003 | OSt | ||
| 005 | 20230502110534.0 | ||
| 008 | 210423s2010 xx 000 0 und d | ||
| 020 | _a9788132105657 | ||
| 040 | _cAL | ||
| 041 | _aeng | ||
| 082 |
_a338.9 _223 _bPIED |
||
| 100 |
_aPIETERSE (Jan Nederveen) _995825 |
||
| 245 | _aDevelopment theory deconstructions reconstructions | ||
| 250 | _a2 | ||
| 260 |
_aNew Delhi _bSage Publications _c2010 |
||
| 300 |
_axviii,252 _bPB |
||
| 365 |
_b395 _cINR |
||
| 650 |
_aEconomics _995826 |
||
| 650 |
_aEconomics of Development _995827 |
||
| 906 | _adeconstructions ; Development ; reconstructions ; theory | ||
| 942 |
_2ddc _cBK |
||
| 999 |
_c161425 _d161425 |
||